[Event "Commonwealth & RSA op"]
[Site "Port Elizabeth"]
[Date "2013.07.07"]
[Round "2"]
[White "Bennett, Calvin"]
[Black "Bhawoodien, Shabier Hussain"]
[Result "0-1"]
[WhiteElo "1776"]
[BlackElo "2116"]
[PlyCount "67"]
[EventDate "2013.07.06"]
[EventType "swiss"]
[EventRounds "11"]
[EventCountry "RSA"]
[SourceTitle "CBM 155 Extra"]
[Source "ChessBase"]
[SourceDate "2013.08.26"]
[SourceVersion "1"]
[SourceVersionDate "2013.08.26"]
[SourceQuality "1"]

1. d4 Nf6 2. Nf3 g6 3. g3 Bg7 4. Bg2 0-0 5. 0-0 d6 6. c4 c6 7. Nc3 Nbd7 8. e3 c5 9. d5 a6 10. h3 b5 11. Nd2 Ne5 12. Qe2 bxc4 13. Nxc4 Nxc4 14. Qxc4 a5 15. Qh4 Ba6 16. Re1 Nd7 17. f4 Bd3 18. g4 c4 19. Qf2 Qb6 20. Bf3 e6 21. g5 Nc5 22. Bg4 e5 23. Qg2 exf4 24. exf4 Nb3+ 25. Be3 Bd4 26. axb3 Bxe3+ 27. Kh1 cxb3 28. Bf3 Rfe8 29. Be4 Bc2 30. Qg4 Bd4 31. Nd1 Qb4 32. Re2 Bxb2 33. Nxb2 Bxe4+ 34. Kh2 0-1

[Event "Australian op"]
[Site "Cammeray"]
[Date "2013.01.04"]
[Round "3"]
[White "Staak, Eric"]
[Black "Bennett, Calvin"]
[Result "1/2-1/2"]
[WhiteElo "1671"]
[BlackElo "1793"]
[PlyCount "49"]
[EventDate "2013.01.02"]
[EventType "swiss"]
[EventRounds "11"]
[EventCountry "AUS"]
[SourceTitle "CBM 152 Extra"]
[Source "ChessBase"]
[SourceDate "2013.02.25"]
[SourceVersion "1"]
[SourceVersionDate "2013.02.25"]
[SourceQuality "1"]

1. e4 c5 2. d4 cxd4 3. c3 Nf6 4. e5 Nd5 5. Bc4 Nb6 6. Bb3 e6 7. cxd4 d6 8. Nf3 Nc6 9. 0-0 dxe5 10. dxe5 Bb4 11. Qe2 0-0 12. Rd1 Nd7 13. Bc2 g6 14. Bh6 Re8 15. Nc3 Bxc3 16. bxc3 Qa5 17. Rxd7 Bxd7 18. Qe3 Ne7 19. Qg5 Qxc3 20. Rc1 Nd5 21. Bxg6 Qxc1+ 22. Qxc1 fxg6 23. h3 Rac8 24. Qa3 a6 25. Nd2 1/2-1/2

[Event "AUS-ch Major"]
[Site "Cammeray"]
[Date "2010.01.02"]
[Round "1"]
[White "Bennett, Calvin"]
[Black "Ingram, Benny"]
[Result "0-1"]
[WhiteElo "1588"]
[BlackElo "1944"]
[PlyCount "54"]
[EventDate "2010.01.02"]
[EventType "swiss"]
[EventRounds "11"]
[EventCountry "AUS"]
[SourceTitle "EXT 2011"]
[Source "ChessBase"]
[SourceDate "2010.11.26"]
[SourceVersion "1"]
[SourceVersionDate "2010.11.26"]
[SourceQuality "1"]

1. d4 d5 2. c4 c6 3. Nc3 Nf6 4. Nf3 Bf5 5. Ne5 e6 6. e3 Nbd7 7. Be2 Nxe5 8. dxe5 Nd7 9. f4 Bb4 10. Bd2 dxc4 11. 0-0 Nb6 12. Ne4 Be7 13. Ng3 Bd3 14. f5 Qd5 15. Kh1 0-0-0 16. fxe6 Bxe2 17. Qxe2 Qxd2 18. Qg4 fxe6 19. Qxe6+ Kb8 20. Rac1 Qxb2 21. Qxe7 Rhe8 22. Qxg7 Qxe5 23. Qxh7 Rh8 24. Qg6 Rdg8 25. Rf5 Rxg6 26. Rxe5 Rxg3 27. Rf1 Rg7 0-1

[Event "Sydney Centenary U1600"]
[Site "Sydney"]
[Date "2009.01.05"]
[Round "6"]
[White "Naoumov, Edward"]
[Black "Bennett, Calvin"]
[Result "0-1"]
[WhiteElo "1483"]
[BlackElo "1567"]
[PlyCount "78"]
[EventDate "2009.01.02"]
[EventType "swiss"]
[EventRounds "11"]
[EventCountry "AUS"]
[SourceTitle "EXT 2023"]
[Source "ChessBase"]
[SourceDate "2022.10.05"]
[SourceVersion "1"]
[SourceVersionDate "2022.10.05"]
[SourceQuality "1"]

1. d4 Nf6 2. Nf3 e6 3. e3 b6 4. Bd3 Bb7 5. 0-0 Be7 6. Nbd2 d5 7. Ne5 c6 8. f4 Nbd7 9. Qf3 Qc7 10. Qg3 g6 11. Ndf3 Ne4 12. Bxe4 dxe4 13. Ng5 Bxg5 14. fxg5 Nxe5 15. Qxe5 Qxe5 16. dxe5 Rd8 17. c4 h6 18. Rf4 hxg5 19. Rxe4 Rd1+ 20. Kf2 Rxh2 21. Rd4 Rxg2+ 22. Kxg2 c5+ 23. Kf2 cxd4 24. Ke2 Bf3+ 25. Kxf3 d3 26. c5 bxc5 27. b4 d2 28. Bxd2 Rxa1 29. bxc5 Rxa2 30. Bc3 Rc2 31. Bd4 Kd7 32. c6+ Kxc6 33. Bxa7 Kd5 34. Kg4 Kxe5 35. Bd4+ Ke4 36. Kxg5 Re2 37. Kf6 Rxe3 38. Ba1 Rf3+ 39. Kg5 Kd5 0-1

[Event "Sydney Centenary U1600"]
[Site "Sydney"]
[Date "2009.01.03"]
[Round "2"]
[White "Koh, Cedric"]
[Black "Bennett, Calvin"]
[Result "1/2-1/2"]
[WhiteElo "1376"]
[BlackElo "1567"]
[PlyCount "84"]
[EventDate "2009.01.02"]
[EventType "swiss"]
[EventRounds "11"]
[EventCountry "AUS"]
[SourceTitle "EXT 2023"]
[Source "ChessBase"]
[SourceDate "2022.10.05"]
[SourceVersion "1"]
[SourceVersionDate "2022.10.05"]
[SourceQuality "1"]

1. d4 Nf6 2. Bg5 Ne4 3. h4 c6 4. Nd2 d5 5. e3 Qb6 6. Nb3 e6 7. Bd3 Bb4+ 8. c3 Nxc3 9. bxc3 Bxc3+ 10. Nd2 Bxa1 11. Qxa1 Na6 12. Ngf3 Nb4 13. Qb1 Nxd3+ 14. Qxd3 Qb5 15. Qxb5 cxb5 16. Ke2 f6 17. Bf4 Bd7 18. Nb3 b6 19. Rc1 Rc8 20. Rxc8+ Bxc8 21. Bb8 a5 22. Bc7 a4 23. Nc1 Ba6 24. Bxb6 Kd7 25. Kd2 Rb8 26. Bc5 b4 27. Kc2 Kc6 28. Nd2 e5 29. g3 e4 30. Kb2 g5 31. hxg5 fxg5 32. f3 exf3 33. Nxf3 b3 34. axb3 Bc4 35. b4 h6 36. Ne5+ Kc7 37. Nf7 Re8 38. Ne5 h5 39. Nxc4 dxc4 40. d5 Re5 41. d6+ Kc6 42. Ne2 Re4 1/2-1/2